El mundo (Record no. 89512)

MARC details
000 -LEADER
campo de control de longitud fija 00700nam a2200181 i 4500
001 - NÚMERO DE CONTROL
campo de control 89512
003 - IDENTIFICADOR DE NÚMERO DE CONTROL
campo de control ES-MaACL
007 - CAMPO FIJO DE DESCRIPCIÓN FÍSICA--INFORMACIÓN GENERAL
campo de control de longitud fija t|
008 - DATOS DE LONGITUD FIJA--INFORMACIÓN GENERAL
campo de control de longitud fija 050111m19101912sp ||||1| spa d
100 0# - ENTRADA PRINCIPAL--NOMBRE DE PERSONA
Nombre de persona Sacro Lirio, Agustín Fernando de la Serna López,
Títulos y otros términos asociados al nombre Barón de
9 (RLIN) 101273
245 13 - MENCIÓN DEL TÍTULO
Título El mundo
Resto del título : breve reseña histórica, política, administrativa y comercial de todas las naciones /
Mención de responsabilidad, etc. por Agustín Fernando de la Serna López Sacro Lirio.
260 ## - PUBLICACIÓN, DISTRIBUCIÓN, ETC.
Lugar de publicación, distribución, etc. Madrid :
Nombre del editor, distribuidor, etc. Sucesores de Rivadeneyra,
Fecha de publicación, distribución, etc. 1910-12.
300 ## - DESCRIPCIÓN FÍSICA
Extensión 2 v. ;
Dimensiones 20 cm.
500 ## - NOTA GENERAL
Nota general Falta el tomo I: año 1908.
505 8# - NOTA DE CONTENIDO CON FORMATO
Nota de contenido con formato Contiene: II: Año 1909. -- III: Año 1910-11
852 ## - LOCALIZACIÓN
Ubicación ES-MaACL
Número de control de estantería B-2369-70
Holdings
Estatus retirado Estado de pérdida Estado de daño No para préstamo Biblioteca de origen Biblioteca actual Ubicación en estantería Fecha de adquisición Fuente de adquisición Total de préstamos Signatura topográfica completa Código de barras Visto por última vez Precio de reemplazo Tipo de ítem Koha
        Biblioteca del Ateneo de Madrid Biblioteca del Ateneo de Madrid Sala Pardo Bazán 17/01/2008     B-2369-70 1093484 23/02/2023 23/02/2023 Libro impreso